| 000 | 00400nam a22001697a 4500 | ||
|---|---|---|---|
| 003 | NUST - PNEC | ||
| 005 | 20170116181058.0 | ||
| 008 | 151002b xxu||||| |||| 00| 0 eng d | ||
| 020 | _a0575059362 | ||
| 040 | _cLIBRARY | ||
| 082 | _a927.954 TEN | ||
| 100 |
_912209 _aTennant, Ivo |
||
| 245 |
_aImran Khan _cIvo Tennant |
||
| 260 | _cc.1994 | ||
| 650 |
_912211 _aHasan, Mushirul |
||
| 942 |
_2ddc _cBK |
||
| 999 |
_c68656 _d68656 |
||